000 01614nam a2200349 a 4500
001 000364
003 DO-SdBNP
005 20180309111356.0
007 000364
008 150130s2012 dr ac 000 0 spa d
020 _a9789945117981 (v. 4)
040 _aBPMSU
_bspa
_cBPMSU
092 _a372.257
_bN285e , 7mo. 2012
245 0 0 _aNaturaleza 7 :
_beducación básica /
_cÁngela Segura ... [et al.] ; dirección editorial Obdulia García de Escobar
260 _aSanto Domingo :
_bSantillana,
_c2012.
300 _av. :
_bil. retrs. ;
_c28 cm.
490 1 _aInnova
500 _aLa biblioteca solamente posee el libro de experimentos
505 _tRespuesta a estímulos --
_tTaxismo --
_t¿Cómo percibo mi entorno? --
_t¿A quién me parezco? --
_tLas huellas dactilares --
_tEvaluar un humedal --
_tManejo de residuos --
_tFiltración y evaporación --
_tMasa y volumen --
_tEl mechero de Bunsen --
_tIdentificación de iones --
_tLa presión en los fluidos --
_tPrincipio de Arquímedes --
_tOndas transversales --
_tOndas longitudinales --
_tConstrucción de un sistema de comunicación --
650 _aCIENCIAS NATURALES
_xENSEÑANZA BÁSICA
650 _aCIENCIAS NATURALES
_xEDUCACIÓN PRIMARIA
650 _aEDUCACIÓN PRIMARIA
_zREPÚBLICA DOMINICANA
650 _aCIENCIAS NATURALES
_xLIBROS DE TEXTOS
650 _aCIENCIAS NATURALES
_xESTUDIOS Y EJERCICIOS
700 1 2 _aSegura, Ángela
700 1 2 _aGarcía de Escobar, Obdulia
_4ed.
830 0 _aInnova
910 _aValidado. Control de calidad MFF
942 _2ddc
_cBK
945 _aRemanejado para BNPHU / 2018 BT
956 _aYLOCKWARD
_b10
999 _c9993
_d9993